00465nam a2200121Ia 4500008004100000024006000041082002000101100009000121245003900211260002600250600003400276650003300310260210s9999 xx 000 0 und d a07B-046-TE, 07B-050-TE, 07B-049-TE & 07B-042-TE a621.3822072 RIA aAsad Raiz, Syed Faizan Ahmed Yahya, Mohammad Ammad Qadri & Mohammad Zohaib Hassan 0aNovel Algorithm on Data Encryption aKarachi:bUITU,c2007 aTelecommunication Engineering aBachelor of Engineering (BE)